Travis Scott's Signature Sounds, Ad-Libs - Statystyki

Ogólne statystyki
  • Ten quiz został rozwiązany 57 razy
  • Średni wynik to 3 z 10
Statystyki odpowiedzi
Odpowiedź % Poprawnych
It's lit
92%
Straight up
75%
Yeah
67%
LA FLAME
45%
Oh my God
6%
DOPE
4%
One more time
4%
BRICKS
2%
GODDAMN
2%
Yeah Yeah Yeah
2%
Nie znaleziono quizów pasujących do podanych kryteriów
Rozkład punktacji
Procent ludzi z każdym wynikiem
Percentyl według liczby udzielonych odpowiedzi
Twoja historia wyników
Nie rozwiązałeś tego quizu